Name all countries, capitals, US-states, Canadian Provinces - Statistics

General Stats
  • This quiz has been taken 37 times
    27 since last reset
  • The average score is 173 of 451
Answer Stats
Answer % Correct
Alberta
64%
Alabama
57%
Albania
57%
Canada
57%
Mexico
57%
Mexico City
57%
Oklahoma
57%
Alaska
50%
Argentina
50%
Arizona
50%
Arkansas
50%
Brazil
50%
British Columbia
50%
California
50%
Central African Republic
50%
Chile
50%
Colombia
50%
Colorado
50%
Costa Rica
50%
Cuba
50%
Dominica
50%
Ecuador
50%
El Salvador
50%
Florida
50%
France
50%
Georgia
50%
Ghana
50%
Grenada
50%
Guatemala
50%
Guatemala City
50%
Guyana
50%
Hawaii
50%
Idaho
50%
Iowa
50%
Ivory Coast
50%
Jamaica
50%
Kansas
50%
Kentucky
50%
Louisiana
50%
Manitoba
50%
Maryland
50%
Michigan
50%
Minnesota
50%
Mississippi
50%
Missouri
50%
Montana
50%
Nebraska
50%
New Brunswick
50%
New Hampshire
50%
New Jersey
50%
New Mexico
50%
New York
50%
Nicaragua
50%
North Carolina
50%
Northwest Territories
50%
Nova Scotia
50%
Nunavut
50%
Ohio
50%
Ontario
50%
Oregon
50%
Ottawa
50%
Panama
50%
Panama City
50%
Paraguay
50%
Pennsylvania
50%
Peru
50%
Russia
50%
Saskatchewan
50%
South Carolina
50%
South Dakota
50%
Tennessee
50%
Texas
50%
Trinidad and Tobago
50%
United States of America
50%
Venezuela
50%
Virginia
50%
Washington
50%
Washington, D.C.
50%
West Virginia
50%
Wisconsin
50%
Yukon
50%
Zambia
50%
Zimbabwe
50%
Algeria
43%
Andorra
43%
Antigua and Barbuda
43%
Baghdad
43%
Bahamas
43%
Bangui
43%
Barbados
43%
Belarus
43%
Belgium
43%
Belize
43%
Benin
43%
Bishkek
43%
Botswana
43%
Brunei
43%
Bulgaria
43%
Burundi
43%
Connecticut
43%
Croatia
43%
Denmark
43%
Dominican Republic
43%
Egypt
43%
Eritrea
43%
Estonia
43%
Eswatini
43%
Ethiopia
43%
Finland
43%
Gabon
43%
Gambia
43%
Germany
43%
Greece
43%
Guinea
43%
Guinea-Bissau
43%
Haiti
43%
Honduras
43%
Iceland
43%
Illinois
43%
India
43%
Indiana
43%
Indonesia
43%
Ireland
43%
Kabul
43%
Kazakhstan
43%
Kenya
43%
Laos
43%
Latvia
43%
Lesotho
43%
Liberia
43%
Libya
43%
Liechtenstein
43%
Lithuania
43%
Lusaka
43%
Luxembourg
43%
Maine
43%
Massachusetts
43%
Moldova
43%
Montenegro
43%
Moscow
43%
Namibia
43%
Netherlands
43%
Nevada
43%
New Foundland and Labrador
43%
Niger
43%
Nigeria
43%
North Macedonia
43%
Norway
43%
Pakistan
43%
Paris
43%
Poland
43%
Portugal
43%
Prince Edward Island
43%
Quebec
43%
Rhode Island
43%
Rome
43%
Rwanda
43%
Saint Kitts and Nevis
43%
Saint Lucia
43%
Saint Vincent and the Grenadines
43%
San Marino
43%
Senegal
43%
Sierra Leone
43%
Slovakia
43%
Slovenia
43%
South Africa
43%
South Sudan
43%
Spain
43%
Sudan
43%
Suriname
43%
Sweden
43%
Tajikistan
43%
Tanzania
43%
Timor-Leste
43%
Togo
43%
Tunis
43%
Tunisia
43%
Uganda
43%
Ukraine
43%
United Kingdom
43%
Uruguay
43%
Utah
43%
Uzbekistan
43%
Vatican City
43%
Vermont
43%
Vietnam
43%
Wyoming
43%
Abu Dhabi
36%
Abuja
36%
Algiers
36%
Amman
36%
Amsterdam
36%
Angola
36%
Ankara
36%
Antananarivo
36%
Apia
36%
Armenia
36%
Ashgabat
36%
Athens
36%
Australia
36%
Austria
36%
Bahrain
36%
Baku
36%
Bamako
36%
Bangkok
36%
Bangladesh
36%
Banjul
36%
Beirut
36%
Belmopan
36%
Berlin
36%
Bern
36%
Bhutan
36%
Bissau
36%
Bolivia
36%
Bosnia and Herzegovina
36%
Bratislava
36%
Brazzaville
36%
Brussels
36%
Bucharest
36%
Buenos Aires
36%
Burkina Faso
36%
Cairo
36%
Canberra
36%
Cape Verde
36%
Caracas
36%
Castries
36%
Chad
36%
Chisinau
36%
Conakry
36%
Copenhagen
36%
Cyprus
36%
Czechia
36%
Dakar
36%
Delaware
36%
Dhaka
36%
Dili
36%
Djibouti
36%
Dodoma
36%
Dublin
36%
Dushanbe
36%
Equatorial Guinea
36%
Georgetown
36%
Gitega
36%
Hanoi
36%
Harare
36%
Havana
36%
Helsinki
36%
Honiara
36%
Hungary
36%
Iran
36%
Iraq
36%
Islamabad
36%
Israel
36%
Italy
36%
Japan
36%
Jordan
36%
Juba
36%
Kampala
36%
Kathmandu
36%
Khartoum
36%
Kigali
36%
Kingston
36%
Kingstown
36%
Kinshasa
36%
Kuala Lumpur
36%
Kuwait
36%
Kuwait City
36%
Kyiv
36%
Kyrgyzstan
36%
Lebanon
36%
Libreville
36%
Lilongwe
36%
Lima
36%
Lisbon
36%
Ljubljana
36%
Lomé
36%
London
36%
Luanda
36%
Madagascar
36%
Madrid
36%
Malawi
36%
Malaysia
36%
Mali
36%
Malta
36%
Managua
36%
Manama
36%
Maputo
36%
Maseru
36%
Mauritania
36%
Mbabane
36%
Minsk
36%
Mogadishu
36%
Monaco
36%
Monrovia
36%
Morocco
36%
Mozambique
36%
Muscat
36%
Myanmar
36%
Nairobi
36%
Nassau
36%
Nauru
36%
N'Djamena
36%
Nepal
36%
New Delhi
36%
New Zealand
36%
Niamey
36%
Nicosia
36%
North Dakota
36%
North Korea
36%
Nouakchott
36%
Nur-Sultan
36%
Oman
36%
Oslo
36%
Palikir
36%
Podgorica
36%
Port-au-Prince
36%
Port Louis
36%
Port Moresby
36%
Porto-Novo
36%
Prague
36%
Pristina
36%
Quito
36%
Rabat
36%
Reykjavik
36%
Riga
36%
Riyadh
36%
Romania
36%
Samoa
36%
Sana'a
36%
San Jose
36%
Saudi Arabia
36%
Seoul
36%
Singapore
36%
Skopje
36%
Sofia
36%
Somalia
36%
Sri Jayawardenepura Kotte
36%
Stockholm
36%
Syria
36%
Taipei
36%
Taiwan
36%
Tashkent
36%
Tbilisi
36%
Tegucigalpa
36%
Tehran
36%
Thailand
36%
Thimphu
36%
Tokyo
36%
Tonga
36%
Tripoli
36%
Turkey
36%
Turkmenistan
36%
Tuvalu
36%
Vaduz
36%
Vanuatu
36%
Vienna
36%
Vientiane
36%
Vilnius
36%
Warsaw
36%
Wellington
36%
Windhoek
36%
Yamoussoukro
36%
Yaounde
36%
Yaren
36%
Yemen
36%
Yerevan
36%
Zagreb
36%
Accra
29%
Andorra La Vella
29%
Asmara
29%
Asuncion
29%
Azerbaijan
29%
Bandar Seri Begawan
29%
Basseterre
29%
Bogota
29%
Brasilia
29%
Bridgetown
29%
Budapest
29%
Cameroon
29%
Comoros
29%
Damascus
29%
Doha
29%
Fiji
29%
Freetown
29%
Funafuti
29%
Gaborone
29%
Jakarta
29%
Jerusalem
29%
Majuro
29%
Malabo
29%
Maldives
29%
Male
29%
Marshall Islands
29%
Mauritius
29%
Micronesia
29%
Mongolia
29%
Montevideo
29%
Moroni
29%
Ngerulmud
29%
Nuku'alofa
29%
Ouagadougou
29%
Palau
29%
Phnom Penh
29%
Port of Spain
29%
Port Vila
29%
Praia
29%
Pyongyang
29%
Qatar
29%
Roseau
29%
Saint George's
29%
Saint John's
29%
Santiago
29%
Santo Domingo
29%
Sao Tomé
29%
Sao Tome and Principe
29%
Sarajevo
29%
Serbia
29%
Seychelles
29%
Solomon Islands
29%
Sri Lanka
29%
Sucre
29%
Suva
29%
Tallinn
29%
Tarawa
29%
Tirana
29%
United Arab Emirates
29%
Valletta
29%
Victoria
29%
China
21%
Democratic Republic of Congo
21%
Kiribati
21%
Manila
21%
Paramaribo
21%
San Salvador
21%
Ulaanbaatar
21%
Belgrade
14%
Phillipines
14%
Republic of Congo
14%
Addis Abeba
7%
Papau New Guinea
7%
Bejing
0%
Combodia
0%
Naypidaw
0%
Pretoria, Cape Town, Bloemfontein
0%
Switserland
0%
No matching quizzes found
Score Distribution
Percent of People with Each Score
Percentile by Number Answered
Your Score History
You have not taken this quiz since the last reset